MARC details
| 000 -CABECERA |
| campo de control de longitud fija |
03219nas a22006137a 4500 |
| 003 - IDENTIFICADOR DEL NÚMERO DE CONTROL |
| campo de control |
CHAP |
| 005 - FECHA Y HORA DE LA ÚLTIMA TRANSACCIÓN |
| campo de control |
20220329143424.0 |
| 008 - DATOS DE LONGITUD FIJA--INFORMACIÓN GENERAL |
| campo de control de longitud fija |
001017 p rnn 0 b1 d |
| 010 ## - NÚMERO DE CONTROL DE LA BIBLIOTECA DEL CONGRESO |
| Número de control de LC |
96355 |
| 011 ## - ENLACE DEL NUMERO DE CONTROL DE LA BIBLIOTECA DEL CONGRESO [OBSOLETO] |
| Número de control de LC |
97327 |
| 022 ## - NÚMERO INTERNACIONAL NORMALIZADO PARA PUBLICACIONES SERIADAS |
| Número Internacional Normalizado para Publicaciones Seriadas |
0023-7302 |
| 035 ## - NÚMERO DE CONTROL DEL SISTEMA |
| Número de control de sistema |
107991 |
| 040 ## - FUENTE DE LA CATALOGACIÓN |
| Centro/agencia transcriptor |
CHAP |
| 245 03 - MENCIÓN DE TÍTULO |
| Título |
Le Lait |
| 260 0# - PUBLICACIÓN, DISTRIBUCIÓN, ETC. |
| Lugar de publicación, distribución, etc. |
Francia: |
| Nombre del editor, distribuidor, etc. |
EDP Sciences |
| Fecha de publicación, distribución, etc. |
2006-2007 |
| 300 ## - DESCRIPCIÓN FÍSICA |
| Extensión |
v. |
| Otras características físicas |
lus |
| 310 ## - PERIODICIDAD ACTUAL |
| Periodicidad actual |
bimestral |
| 362 ## - FECHAS DE PUBLICACIÓN Y/O DESIGNACIÓN SECUENCIAL |
| Fecha de publicación y/o designación secuencial |
v.86 n.1 |
| 590 ## - NOTA LOCAL (RLIN) |
| Nota local |
BATCH-UPD |
| Procedencia (VM) [OBSOLETO] |
10 |
| Condición del los carretes individuales (VM) [OBSOLETO] |
20130110 |
| -- |
UCH01 |
| -- |
2343 |
| 590 ## - NOTA LOCAL (RLIN) |
| Nota local |
BATCH-UPD |
| Procedencia (VM) [OBSOLETO] |
10 |
| Condición del los carretes individuales (VM) [OBSOLETO] |
20130410 |
| -- |
UCH01 |
| -- |
1631 |
| 590 ## - NOTA LOCAL (RLIN) |
| Nota local |
BATCH-UPD |
| Procedencia (VM) [OBSOLETO] |
10 |
| Condición del los carretes individuales (VM) [OBSOLETO] |
20130914 |
| -- |
UCH01 |
| -- |
1717 |
| 590 ## - NOTA LOCAL (RLIN) |
| Nota local |
CONVERSION |
| Procedencia (VM) [OBSOLETO] |
10 |
| Condición del los carretes individuales (VM) [OBSOLETO] |
20130109 |
| -- |
UCH01 |
| -- |
1353 |
| 650 04 - PUNTO DE ACCESO ADICIONAL DE MATERIA--TÉRMINO DE MATERIA |
| Término de materia o nombre geográfico como elemento de entrada |
Leche |
| Subdivisión general |
Tecnología |
| -- |
Publicaciones periódicas. |
| 9 (RLIN) |
65415 |
| 785 ## - ENTRADA/ENLACE A UN TÍTULO POSTERIOR |
| Título |
Dairy Science and Technology 2008- |
| 852 #2 - LOCALIZACIÓN |
| -- |
ISSUE |
| Anterior ubicación en estantería |
2012-12-17 |
| -- |
03 |
| 852 #2 - LOCALIZACIÓN |
| -- |
ISSUE |
| Anterior ubicación en estantería |
2012-12-17 |
| -- |
03 |
| 852 #2 - LOCALIZACIÓN |
| -- |
ISSUE |
| Anterior ubicación en estantería |
2012-12-17 |
| -- |
03 |
| 852 #2 - LOCALIZACIÓN |
| -- |
ISSUE |
| Anterior ubicación en estantería |
2012-12-17 |
| -- |
03 |
| 852 #2 - LOCALIZACIÓN |
| -- |
ISSUE |
| Anterior ubicación en estantería |
2012-12-17 |
| -- |
03 |
| 852 #2 - LOCALIZACIÓN |
| -- |
ISSUE |
| Anterior ubicación en estantería |
2012-12-17 |
| -- |
03 |
| 852 #2 - LOCALIZACIÓN |
| -- |
ISSUE |
| Anterior ubicación en estantería |
2012-12-17 |
| -- |
03 |
| 852 #2 - LOCALIZACIÓN |
| -- |
ISSUE |
| Anterior ubicación en estantería |
2012-12-17 |
| -- |
03 |
| 852 #2 - LOCALIZACIÓN |
| -- |
ISSUE |
| Anterior ubicación en estantería |
2012-12-17 |
| -- |
03 |
| 852 #2 - LOCALIZACIÓN |
| -- |
ISSUE |
| Anterior ubicación en estantería |
2012-12-17 |
| -- |
03 |
| 852 #2 - LOCALIZACIÓN |
| -- |
ISSUE |
| Anterior ubicación en estantería |
2012-12-17 |
| -- |
03 |
| 852 #2 - LOCALIZACIÓN |
| -- |
ISSUE |
| Anterior ubicación en estantería |
2012-12-17 |
| -- |
03 |
| 866 ## - MENCIÓN TEXTUAL DE FONDOS--UNIDAD BIBLIOGRÁFICA BÁSICA |
| Cadena textual |
v. 86 n. 1 (February 2006) - v. 86 n. 6 (December 2006) |
| 866 ## - MENCIÓN TEXTUAL DE FONDOS--UNIDAD BIBLIOGRÁFICA BÁSICA |
| Cadena textual |
v. 87 n. 1 (February 2007) - v. 87 n. 6 (December 2007) |
| 901 ## - ELEMENTOS DE DATOS A LOCAL LDA (RLIN) |
| a |
SE |
| 905 ## - ELEMENTOS DE DATOS E LOCAL, LDE (RLIN) |
| a |
Araceli Hernández Gómez. |
| 942 ## - ELEMENTOS DE PUNTO DE ACCESO ADICIONAL (KOHA) |
| Tipo de ítem Koha |
Publicaciones seriadas |
| 949 ## - PROCESAMIENTO DE INFORMACIÓN LOCAL (OCLC) |
| b |
BC |
| c |
PS |
| d |
202940 |
| e |
PS |
| f |
v. 86 n. 1 ( February 2006) |
| i |
107991 |
| j |
86 |
| s |
n |
| 949 ## - PROCESAMIENTO DE INFORMACIÓN LOCAL (OCLC) |
| b |
BC |
| c |
PS |
| d |
202941 |
| e |
PS |
| f |
v. 86 n. 2 ( April 2006) |
| i |
107991 |
| j |
86 |
| s |
n |
| 949 ## - PROCESAMIENTO DE INFORMACIÓN LOCAL (OCLC) |
| b |
BC |
| c |
PS |
| d |
202942 |
| e |
PS |
| f |
v. 86 n. 3 ( June 2006) |
| i |
107991 |
| j |
86 |
| s |
n |
| 949 ## - PROCESAMIENTO DE INFORMACIÓN LOCAL (OCLC) |
| b |
BC |
| c |
PS |
| d |
202943 |
| e |
PS |
| f |
v. 86 n. 4 ( August 2006) |
| i |
107991 |
| j |
86 |
| s |
n |
| 949 ## - PROCESAMIENTO DE INFORMACIÓN LOCAL (OCLC) |
| b |
BC |
| c |
PS |
| d |
202944 |
| e |
PS |
| f |
v. 86 n. 5 ( October 2006) |
| i |
107991 |
| j |
86 |
| s |
n |
| 949 ## - PROCESAMIENTO DE INFORMACIÓN LOCAL (OCLC) |
| b |
BC |
| c |
PS |
| d |
202945 |
| e |
PS |
| f |
v. 86 n. 6 ( December 2006) |
| i |
107991 |
| j |
86 |
| s |
n |
| 949 ## - PROCESAMIENTO DE INFORMACIÓN LOCAL (OCLC) |
| b |
BC |
| c |
PS |
| d |
202946 |
| e |
PS |
| f |
v. 87 n. 1 ( February 2007) |
| i |
107991 |
| j |
87 |
| s |
n |
| 949 ## - PROCESAMIENTO DE INFORMACIÓN LOCAL (OCLC) |
| b |
BC |
| c |
PS |
| d |
202947 |
| e |
PS |
| f |
v. 87 n. 2 ( April 2007) |
| i |
107991 |
| j |
87 |
| s |
n |
| 949 ## - PROCESAMIENTO DE INFORMACIÓN LOCAL (OCLC) |
| b |
BC |
| c |
PS |
| d |
202948 |
| e |
PS |
| f |
v. 87 n. 3 ( June 2007) |
| i |
107991 |
| j |
87 |
| s |
n |
| 949 ## - PROCESAMIENTO DE INFORMACIÓN LOCAL (OCLC) |
| b |
BC |
| c |
PS |
| d |
202949 |
| e |
PS |
| f |
v. 87 n. 4 ( August 2007) |
| i |
107991 |
| j |
87 |
| s |
n |
| 949 ## - PROCESAMIENTO DE INFORMACIÓN LOCAL (OCLC) |
| b |
BC |
| c |
PS |
| d |
202950 |
| e |
PS |
| f |
v. 87 n. 5 ( October 2007) |
| i |
107991 |
| j |
87 |
| s |
n |
| 949 ## - PROCESAMIENTO DE INFORMACIÓN LOCAL (OCLC) |
| b |
BC |
| c |
PS |
| d |
202951 |
| e |
PS |
| f |
v. 87 n. 6 ( December 2007) |
| i |
107991 |
| j |
87 |
| s |
n |